[Event "Valasska Bystrice op"]
[Site "Valasska Bystrice"]
[Date "2017.09.12"]
[Round "5"]
[White "Hradil, Vaclav"]
[Black "Brousek, Jiri"]
[Result "1-0"]
[WhiteElo "1767"]
[BlackElo "1973"]
[PlyCount "47"]
[EventDate "2017.09.09"]
[EventType "swiss"]
[EventRounds "9"]
[EventCountry "CZE"]
[SourceTitle "CBM 180 Extra"]
[Source "ChessBase"]
[SourceDate "2017.10.06"]
[SourceVersion "1"]
[SourceVersionDate "2017.10.06"]
[SourceQuality "1"]

1. d4 e6 2. c4 Nf6 3. Nc3 Bb4 4. Qc2 d5 5. Nf3 0-0 6. Bg5 h6 7. Bh4 c5 8. e3 Nbd7 9. Bd3 cxd4 10. exd4 dxc4 11. Bxc4 b6 12. 0-0 Bb7 13. Be2 Rc8 14. Qb3 Bxc3 15. bxc3 Qc7 16. Rac1 Ne4 17. c4 Qc6 18. Qe3 f5 19. Bg3 g5 20. Ne5 Nxe5 21. Bxe5 Nd2 22. d5 Nxf1 23. dxc6 Nxe3 24. cxb7 1-0

[Event "Valasska Bystrice op"]
[Site "Valasska Bystrice"]
[Date "2016.09.17"]
[Round "9"]
[White "Vlachopulos, Georgis"]
[Black "Hradil, Vaclav"]
[Result "1/2-1/2"]
[WhiteElo "1893"]
[BlackElo "1785"]
[PlyCount "68"]
[EventDate "2016.09.10"]
[EventType "swiss"]
[EventRounds "9"]
[EventCountry "CZE"]
[SourceTitle "CBM 174 Extra"]
[Source "ChessBase"]
[SourceDate "2016.10.10"]
[SourceVersion "1"]
[SourceVersionDate "2016.10.10"]
[SourceQuality "1"]

1. e4 e5 2. Nf3 Nc6 3. Bc4 Be7 4. 0-0 d6 5. h3 Nf6 6. Nc3 0-0 7. d4 exd4 8. Nxd4 Ne5 9. Be2 a6 10. f4 Ng6 11. Be3 Re8 12. Bd3 b5 13. Nc6 Qd7 14. Nxe7+ Qxe7 15. Bd4 Bb7 16. f5 Ne5 17. Bf2 Rad8 18. Bh4 d5 19. exd5 Bxd5 20. Nxd5 Rxd5 21. Re1 Qc5+ 22. Bf2 Qd6 23. Qe2 Qd7 24. Be4 Rd2 25. Qf1 Nxe4 26. Rxe4 Qxf5 27. Rae1 f6 28. c4 c6 29. cxb5 cxb5 30. R4e2 Red8 31. Bg3 Qxf1+ 32. Kxf1 Rxe2 33. Rxe2 Rd1+ 34. Kf2 Rd5 1/2-1/2

[Event "Valasska Bystrice op"]
[Site "Valasska Bystrice"]
[Date "2016.09.16"]
[Round "8"]
[White "Hradil, Vaclav"]
[Black "Uhlir, Jiri"]
[Result "1/2-1/2"]
[WhiteElo "1785"]
[BlackElo "1913"]
[PlyCount "72"]
[EventDate "2016.09.10"]
[EventType "swiss"]
[EventRounds "9"]
[EventCountry "CZE"]
[SourceTitle "CBM 174 Extra"]
[Source "ChessBase"]
[SourceDate "2016.10.10"]
[SourceVersion "1"]
[SourceVersionDate "2016.10.10"]
[SourceQuality "1"]

1. d4 Nf6 2. c4 e6 3. Nc3 Bb4 4. Qc2 b6 5. Nf3 Bb7 6. Bg5 h6 7. Bh4 d5 8. e3 0-0 9. cxd5 exd5 10. Bd3 Nbd7 11. 0-0 Re8 12. Nb5 c6 13. Nc3 Rc8 14. a3 Be7 15. Bf5 Ra8 16. Rac1 Nf8 17. Ne5 N6d7 18. Bg3 Nxe5 19. Bxe5 Bd6 20. Bxd6 Qxd6 21. Qd2 g6 22. Bb1 Kg7 23. f3 Rad8 24. Rcd1 Ne6 25. Qf2 Ba6 26. Rfe1 c5 27. g3 cxd4 28. exd4 Ng5 29. Kh1 Bc4 30. h4 Ne6 31. f4 f5 32. Re5 Nf8 33. Rde1 Rxe5 34. fxe5 Qe6 35. Qf4 Nh7 36. Nd1 Rf8 1/2-1/2

[Event "Valasska Bystrice op"]
[Site "Valasska Bystrice"]
[Date "2016.09.15"]
[Round "7"]
[White "Romanek, Zdenek"]
[Black "Hradil, Vaclav"]
[Result "0-1"]
[WhiteElo "1593"]
[BlackElo "1785"]
[PlyCount "68"]
[EventDate "2016.09.10"]
[EventType "swiss"]
[EventRounds "9"]
[EventCountry "CZE"]
[SourceTitle "CBM 174 Extra"]
[Source "ChessBase"]
[SourceDate "2016.10.10"]
[SourceVersion "1"]
[SourceVersionDate "2016.10.10"]
[SourceQuality "1"]

1. d4 d5 2. c4 e6 3. Nf3 c5 4. e3 Nf6 5. Bd3 Nc6 6. 0-0 Be7 7. Nc3 0-0 8. Re1 a6 9. b3 Qc7 10. Bb2 cxd4 11. exd4 Rd8 12. c5 e5 13. dxe5 Ng4 14. Na4 Be6 15. h3 Nh6 16. Rc1 Nf5 17. Qe2 Re8 18. Bb1 Rad8 19. g4 Nh4 20. Nxh4 Bxh4 21. Qd3 g6 22. Qe3 d4 23. Qh6 Be7 24. Rcd1 Rd5 25. Be4 Rxe5 26. f4 Rxe4 27. Rxe4 Bd5 28. Ree1 Qd8 29. Rd3 Bf8 30. Rxe8 Qxe8 31. Qh4 Qe2 32. Qg3 Be4 33. Bxd4 Bxd3 34. Nc3 Qf1+ 0-1

[Event "Valasska Bystrice op"]
[Site "Valasska Bystrice"]
[Date "2016.09.12"]
[Round "4"]
[White "Hradil, Vaclav"]
[Black "Korinek, Jaroslav"]
[Result "1-0"]
[WhiteElo "1785"]
[BlackElo "1626"]
[PlyCount "93"]
[EventDate "2016.09.10"]
[EventType "swiss"]
[EventRounds "9"]
[EventCountry "CZE"]
[SourceTitle "CBM 174 Extra"]
[Source "ChessBase"]
[SourceDate "2016.10.10"]
[SourceVersion "1"]
[SourceVersionDate "2016.10.10"]
[SourceQuality "1"]

1. d4 d5 2. c4 Nf6 3. Nf3 c6 4. Nc3 Nbd7 5. Bg5 h6 6. Bh4 g5 7. Bg3 Bg7 8. e3 0-0 9. Bd3 Nb6 10. cxd5 Nfxd5 11. Rc1 Bg4 12. Bb1 Bh5 13. Qb3 Re8 14. Ne5 e6 15. 0-0 Qe7 16. a3 Nxc3 17. bxc3 Nd5 18. c4 Nf6 19. Rfe1 Ng4 20. Nd3 b6 21. h3 Nf6 22. Ne5 Rac8 23. c5 b5 24. a4 a6 25. axb5 axb5 26. Bc2 Nd7 27. Nd3 Bg6 28. Nb4 Bxc2 29. Qxc2 Nf6 30. Ra1 Nd5 31. Nd3 Qb7 32. Be5 Ra8 33. e4 Ne7 34. Bxg7 Kxg7 35. Qb2 f6 36. Nb4 Rec8 37. Rxa8 Rxa8 38. d5 exd5 39. exd5 Nxd5 40. Nxd5 cxd5 41. Re6 Qf7 42. Rd6 h5 43. Qxb5 Ra1+ 44. Kh2 Qc7 45. g3 Kg6 46. Qb2 Qxc5 47. Qxf6+ 1-0

[Event "Valasska Bystrice op"]
[Site "Valasska Bystrice"]
[Date "2015.09.17"]
[Round "7"]
[White "Slizek, Josef"]
[Black "Hradil, Vaclav"]
[Result "1-0"]
[WhiteElo "1960"]
[BlackElo "1806"]
[PlyCount "69"]
[EventDate "2015.09.12"]
[EventType "swiss"]
[EventRounds "9"]
[EventCountry "CZE"]
[SourceTitle "EXT 2016"]
[Source "ChessBase"]
[SourceDate "2015.10.08"]
[SourceVersion "1"]
[SourceVersionDate "2015.10.08"]
[SourceQuality "1"]

1. e4 c5 2. Nf3 Nc6 3. d4 cxd4 4. Nxd4 g6 5. c4 Bg7 6. Be3 a6 7. Nc3 e6 8. Be2 Nge7 9. Rc1 0-0 10. 0-0 d5 11. cxd5 exd5 12. Nxc6 bxc6 13. Bc5 d4 14. Na4 Re8 15. Bf3 Be5 16. g3 Bh3 17. Re1 Rb8 18. Qd3 Be6 19. b3 Bg7 20. Red1 Qc7 21. Qxa6 Bc8 22. Qc4 Be6 23. Qc2 Red8 24. Rd3 f5 25. Re1 Rd7 26. e5 Rd5 27. Bxd5 Bxd5 28. Bd6 Qd8 29. Bxb8 Qxb8 30. Qc5 Nc8 31. Qxd4 Nd6 32. Qb6 Nb7 33. Nc5 Bxe5 34. Qxb7 Qd6 35. Qc8+ 1-0

[Event "Valasska Bystrice op"]
[Site "Valasska Bystrice"]
[Date "2013.09.08"]
[Round "2"]
[White "Hradil, Vaclav"]
[Black "Oktavec, Ivan"]
[Result "1-0"]
[WhiteElo "1834"]
[BlackElo "1711"]
[PlyCount "59"]
[EventDate "2013.09.07"]
[EventType "swiss"]
[EventRounds "9"]
[EventCountry "CZE"]
[SourceTitle "CBM 156 Extra"]
[Source "ChessBase"]
[SourceDate "2013.10.22"]
[SourceVersion "1"]
[SourceVersionDate "2013.10.22"]
[SourceQuality "1"]

1. d4 Nf6 2. c4 e6 3. Nc3 Bb4 4. Qc2 b6 5. Bg5 Bb7 6. f3 d5 7. e3 Be7 8. Bd3 Nbd7 9. Nge2 0-0 10. 0-0 c5 11. Rac1 Rc8 12. b3 h6 13. Bh4 cxd4 14. exd4 Nh5 15. Bxe7 Qxe7 16. Qd2 Nhf6 17. Qe3 Rfe8 18. h3 e5 19. cxd5 Nxd5 20. Nxd5 Bxd5 21. Bb5 Bb7 22. Qf2 Red8 23. Rfe1 Rxc1 24. Nxc1 Qd6 25. Bxd7 Qxd7 26. dxe5 Qe6 27. Qe3 Ba6 28. Ne2 Rd3 29. Qe4 Rd5 30. Nf4 1-0